Представление документа в формате RUSMARC

ПолеНазваниеЗначение
  Тип записи a
  Библиографический уровень a
001 Контрольный номер RU/CBS_UL/BASE/2e20794b4587430593451cc0fc00e6ea
005 Дата корректировки 20240710105707.0
100 Данные общей обработки __
a Данные общей обработки 20240710 ||| 0rusy0189 ca
101 Язык документа 0_
a Язык текста rus
102 Страна публикации __
a Страна публикации RU
200 Заглавие и сведения об ответственности 1_
a Заглавие Бричка, прискакавшая к потомкам
e Сведения, относящиеся к заглавию [о неизвестном карандашном наброске В. Сурикова, который был обнаружен в Красноярском краеведческом музее]
f Первые сведения об ответственности И. Куклинский
300 Общие примечания __
a Общие примечания 16+
461 Уровень набора _0
1 2000
a Родина
463 Уровень физической единицы _0
1 2000
a № 11
v С. 84-85 : фот., ил.
1 2101
d 2023
1 001RU/CBS_UL/BASE/aa159a031eed423f9cc0c498f874c03f
600 Персоналии _1
a Персоналии (Фамилия) Суриков
b Персоналии (Имя, инициалы) В.И.
606 Тематические рубрики 0_
a Основная рубрика Суриков, Василий Иванович (1848-1916)
y Географическая подрубрика Красноярск, город
610 Ключевые слова 0_
a Ключевые слова художники
610 Ключевые слова 0_
a Ключевые слова художники русские
610 Ключевые слова 0_
a Ключевые слова художники
610 Ключевые слова 0_
a Ключевые слова наброски
610 Ключевые слова 0_
a Ключевые слова карандашные рисунки
610 Ключевые слова 0_
a Ключевые слова музейные находки
610 Ключевые слова 0_
a Ключевые слова неизвестные рисунки
610 Ключевые слова 0_
a Ключевые слова музеи
610 Ключевые слова 0_
a Ключевые слова Красноярский краеведческий музей
610 Ключевые слова 0_
a Ключевые слова история культуры
686 Индексы других классификаций __
2 Код системы rubbk
a Классификационный индекс 85.143(2)1
700 Автор _1
a Фамилия Куклинский
b Имя (инициалы) И.
801 Источник записи _0
a Страна RU
b Организация МБУК ЦБС г. Ульяновска
c Дата составления 20240710
g Правила каталогизации RCR
801 Источник записи _1
a Страна RU
b Организация МБУК ЦБС г. Ульяновска
c Дата составления 20240710
g Правила каталогизации RCR
901 Тип документа __
t Тип документа b
w Контрольный № источника RU/CBS_UL/BASE/aa159a031eed423f9cc0c498f874c03f
909 Создатель записи __
a Создатель записи lib1